01179cam a2200301 i 450000100090000000300040000900500170001300800410003001000170007102000300008804000230011804200080014105000240014908200210017324502650019425000200045926400490047926400110052830000470053933600260058633700280061233800270064049000530066750400510072065000330077165000360080470000370084018300220OSt20221003131314.0140912t20142014ne a b 001 0 eng  a 2014427167 a9780124058705 (hardbound) aDLCbengerdacDLC apcc00aQP144.F85bN83 201400a613.2223bBAG/N00aNutraceutical and functional food regulations in the United States and around the world /cedited by Debasis Bagchi, PhD, MACN, CNS, MAIChE, Department of Pharmacological and Pharmaceutical Sciences, University of Houston College of Pharmacy, Houston, TX, USA. aSecond edition. 1aAmsterdam ;aBoston :bElsevier, AP,c[2014] 4c©2014 axxxv, 554 pages :billustrations ;c25 cm. atextbtxt2rdacontent aunmediatedbn2rdamedia avolumebnc2rdacarrier0 aFood science and technology international series aIncludes bibliographical references and index. 0aFunctional foodsxStandards. 0aDietary supplementsxStandards.1 aBagchi, Debasis,d1954-eeditor.